000 00574nam a22001937a 4500
005 20251108170023.0
008 250721s1998 xx 000 0 ara d
082 1 4 _aم/218.61/كير
100 1 _aالكيرنوي، رحمة الله بن خليل الرحمن العثماني
245 1 0 _aإظهار الحق /
264 1 _aصيدا :
_c1998.
300 _a
650 1 7 _aالدفاع عن الإسلام
650 1 7 _aالمناظرات
650 1 7 _aالعلماء
700 1 _aالدسوقي، عمر
_eتحقيق
942 _2ddc
_cREF
999 _c37599
_d37599